European Islands - Sudden Death - Statistics

General Stats
  • This quiz has been taken 382 times
  • The average score is 10 of 18
Answers on the Grid
Answers color-coded by a green-red scale on the quiz's grid according to % correct below.
Antigua
Belitung
Crete
Eleuthera
Ellesmere
Euboea
Funen
Gotland
Great Britain
Ibiza
Iceland
Ireland
Isabela
Java
Jersey
Lesbos
Leyte
Madagascar
Malta
Martinique
New Ireland
Saaremaa
Saint Helena
Sardinia
Sicily
Skye
Southampton
Streymoy
Wight
Zealand
 
Answer Stats
Answer % Correct
Crete
89%
Ireland
83%
Iceland
82%
Ibiza
76%
Malta
75%
Great Britain
74%
Sardinia
72%
Sicily
71%
Lesbos
61%
Jersey
59%
Gotland
58%
Wight
44%
Skye
39%
Zealand
39%
Euboea
26%
Saaremaa
26%
Funen
16%
Streymoy
11%
No matching quizzes found
Score Distribution
Percent of People with Each Score
Percentile by Number Answered
Your Score History
You have not taken this quiz